Основания термодинамики; Ч. 1 : Основные законы. Газы

Detalles Bibliográficos
Autor Principal: Брандт А. А. Александр Андреевич
Summary:Тит. лист отсутствует
Текст в русской дореформенной орфографии
Раздельная пагинация страниц
Idioma:ruso
Publicado: Москва, 1923
Edición:4-е изд.
Subjects:
Formato: MixedMaterials Libro
KOHA link:https://koha.lib.tpu.ru/cgi-bin/koha/opac-detail.pl?biblionumber=310250

MARC

LEADER 00000nam0a2200000 4500
001 310250
005 20231102002252.0
035 |a (RuTPU)RU\TPU\book\335599 
090 |a 310250 
100 |a 20151123d1923 k y0rusy50 ca 
101 0 |a rus 
102 |a RU 
105 |a a z 001zy 
200 1 |a Основания термодинамики  |h Ч. 1 : Основные законы. Газы  |f А. А. Брандт 
205 |a 4-е изд. 
210 |a Москва  |a Петроград  |d 1923 
215 |a VI, 202, 15, 12 с.  |c с 64 черт. в тексте 
300 |a Тит. лист отсутствует 
300 |a Текст в русской дореформенной орфографии 
300 |a Раздельная пагинация страниц 
317 |5 63413507: 56//576  |a Поступил в НТБ в октябре 1905 г. в дар от профессора Н. В. Гутовского 
320 |a Прил. 1: Основания кинетической теории газов: с. 1-15 
320 |a Прил. 2: Литература по термодинамике: с. 1-12 
606 1 |a Термодинамика  |2 stltpush  |3 (RuTPU)RU\TPU\subj\59922  |9 77416 
610 1 |a законы термодинамики 
610 1 |a идеальные газы 
610 1 |a тепловые машины 
610 1 |a холодильные машины 
610 1 |a двигатели внутреннего сгорания 
610 1 |a метод Гиббса 
610 1 |a диссоциирующие газы 
610 1 |a принцип Лешателье-Брауна 
610 1 |a кинетическая теория газов 
610 1 |a Коллекция Н. В. Гутовского 
675 |a 536.7  |v 4 
700 1 |a Брандт  |b А. А.  |g Александр Андреевич 
801 1 |a RU  |b 63413507  |c 20151123 
801 2 |a RU  |b 63413507  |c 20210602  |g RCR 
942 |c BK